| 000 | 00628nam a2200229Ia 4500 | ||
|---|---|---|---|
| 008 | 160901s9999 xx 000 0 und d | ||
| 020 | _a981-243-381-3 | ||
| 050 | _aComSc QA 76.73 | ||
| 050 | _b.J38S54 2001 | ||
| 100 | _aShelly, Gary B. | ||
| 245 | _aJava programming : | ||
| 245 | _bcomplete concepts and techniques / | ||
| 245 | _cGary B. Shelly, Thomas J. Cashman, Joy L. Starks. | ||
| 260 | _aSingapore : | ||
| 260 | _bThomson Learning Asia, | ||
| 260 | _c2001 | ||
| 300 | _aI.6 pages : | ||
| 300 | _bill. ; | ||
| 300 | _c26 cm. | ||
| 500 | _aIncludes index. | ||
| 650 | _aJava (Computer program language). | ||
| 999 |
_c300842 _d300842 |
||